000 00617cam a2200217 i 4500
001 4095568
005 20180302065306.0
008 750114t19741975nyua d 000 0 eng
010 _a 74003543
020 _a0385040997
020 _a0385033680 (thumbindex ed.)
040 _aDLC
_cDLC
_dDLC
041 _aeng
080 _a423 LAN
082 0 0 _a423 LAN
100 _a24
101 _aFJA
245 0 4 _aThe Doubleday dictionary for home, school, and office /
_cSidney I. Landau, editor in chief, Ronald J. Bogus, managing editor.
906 _a7
_bcbc
_corignew
_d2
_eocip
_f19
_gy-gencatlg
942 _2ddc
_cBK
999 _c44014
_d44014